Health and wellness journal workbook (Record no. 202660)

MARC details
000 -LEADER
fixed length control field 00596nam a2200205Ia 4500
008 - FIXED-LENGTH DATA ELEMENTS--GENERAL INFORMATION
fixed length control field 191130s2011##################000#0#eng##
020 ## - INTERNATIONAL STANDARD BOOK NUMBER
ISBN 9780763790134
082 ## - DEWEY DECIMAL CLASSIFICATION NUMBER
Classification number 610 SEA
100 ## - MAIN ENTRY--AUTHOR NAME
Personal name Seaward, Brian Luke
245 ## - TITLE STATEMENT
Title Health and wellness journal workbook
Statement of responsibility, etc Brian Luke Seaward
250 ## - EDITION STATEMENT
Edition statement 1st ed
260 ## - PUBLICATION, DISTRIBUTION, ETC. (IMPRINT)
Place of publication Boston, MA
Name of publisher Jones and Bartlett
Year of publication 2011
300 ## - PHYSICAL DESCRIPTION
Number of Pages xxiii, 216 p. : ill. ; 23 cm
500 ## - GENERAL NOTE
General note Includes index
650 ## - SUBJECT ADDED ENTRY--TOPICAL TERM
Topical Term Health -- Problems, exercises, etc
991 ## -
-- 182630
Holdings
Withdrawn status Lost status Damaged status Not for loan Home library Current library Shelving location Date acquired Full call number Accession Number Price effective from Koha item type
        Anna Centenary Library Anna Centenary Library 5TH FLOOR, B WING 13.10.2020 610 SEA 398155 13.10.2020 English Books

Find us on the map